| 000 | 00000nam##2200000za#4500 |
| 001 | 9.623734 |
| 003 | CaOODSP |
| 005 | 20200327175040 |
| 007 | ta |
| 008 | 150406|1995||||xxc||||| f|0| 0 fre|d |
| 020 | |a0-662-80853-3 |
| 040 | |aCaOODSP|bfre |
| 043 | |an-cn--- |
| 086 | 1 |aLU2-153/205-1995F |
| 110 | 1 |aCanada.|bDéveloppement des ressources humaines Canada. |bAssurance-chômage. |
| 245 | 10|aLes mouvements dans l'emploi et l'assurance-chômage|cpar L. N. Christofides et C. J. McKenna. |
| 260 | |aOttawa - Ontario : |bDéveloppement des ressources humaines Canada. |c1995. |
| 300 | |a118p. : |bgraphiques, références, tableaux ; |c30 cm. |
| 490 | 1 |aSérie d'évaluations de l'assurance-chômage |
| 500 | |a«Dans la présente étude, nous examinons les profils de la durée des périodes d'emploi d'une province à l'autre et sur deux périodes de référence de l'Enquête sur l'activité. Nous examinons le genre de périodes d'emploi observées dans l'enquête ainsi que la durée des nouveaux emplois, le stock d'emplois résultant et la relation entre la durée d'emploi et diverses caractéristiques des emplois et des personnes qui les occupent. Nous analysons aussi les liens possibles entre la durée d'emploi et les diverses situations vis-à-vis du marché du travail auxquelles il est possible d'aboutir, d'une part, et, d'autre part, le cadre de réglementation en vigueur.»--Introduction. |
| 520 | 3 |aDans la présente étude, nous examinons les profils de la durée des périodes d'emploi d'une province à l'autre et sur deux périodes de référence de l'Enquête sur l'activité. Nous examinons le genre de périodes d'emploi observées dans l'enquête ainsi que la durée des nouveaux emplois, le stock d'emplois résultant et la relation entre la durée d'emploi et diverses caractéristiques des emplois et des personnes qui les occupent. Nous analysons aussi les liens possibles entre la durée d'emploi et les diverses situations vis-à-vis du marché du travail auxquelles il est possible d'aboutir, d'une part, et, d'autre part, le cadre de réglementation en vigueur.--Introduction |
| 563 | |aCouverture souple |
| 590 | |a96-06|b1996-02-09 |
| 691 | 07|aAssurance-emploi|2gcpds |
| 720 | 1 |aChristofides, L. N. |
| 720 | 1 |aMcKenna, C. J. |
| 776 | 0#|tLes mouvements dans l'emploi et l'assurance-chômage / |w(CaOODSP)9.606558 |
| 830 | #0|aSérie d'évaluations de l'assurance-chômage.|w(CaOODSP)9.513113 |
| 986 | |aIN-AH-205F-05-95 |